| 000 | 00602nam a22001937a 4500 | ||
|---|---|---|---|
| 005 | 20180710162428.0 | ||
| 010 | _aENG-123432 | ||
| 020 |
_a9788178245270 _c695.00 |
||
| 035 | _aEN-106964 | ||
| 037 | _bDBAD/PUB | ||
| 082 | _a863.09 | ||
| 100 | _aSudiptia Kaviraj | ||
| 245 |
_aThe invention of private life : _cby Sudiptia Kaviraj _bliterature and ideas / |
||
| 260 |
_aRanikhet _bPermanent Black _c2018 |
||
| 270 |
_aHimalayana, Mall Road, Ranikhet Cantt. _bRanikhet _e263645 |
||
| 300 | v |
_a368p. _c21cm(pbk) |
|
| 500 | _aIt includes index | ||
| 942 |
_2ddc _cEN _mSUD _h863.09 |
||
| 999 |
_c153787 _d153787 |
||